000
00275nam a22001217a 4500
041
_a
ENG
100
_a
Gaffney ,J,J
245
_a
Quality Detection In Foods
260
_a
Delhi
_b
American Society of Agr
_c
1976
300
_a
240
650
_a
APE ( 02 )
856
_u
APE ( 02 )
999
_c
2860
_d
2860